000 00682nam a2200217 i 4500
001 189323
003 SpMaBN
005 20250802063123.0
008 190523s1996 sp |||| |dspa d
020 _a84-264-4927-1
080 _a820(71)-31"19"
100 1 _aSmart, Elizabeth,
_d1913-1986
_9167093
245 1 0 _aEn Grand Central Station me senté y lloré /
_cElizabeth Smart ; prólogo, traducción y notas de Laura Freixas.
250 _a1ª ed.
260 _aBarcelona :
_bLumen,
_c1996.
300 _a156 p. ;
_c19 cm.
490 1 _aFemenino Lumen ;
_v27
830 0 _aFemenino Lumen
_v27
_9179719
852 _aES-MaACL
_jL-32329
999 _c189323
_d189323